Normal view
MARC view
- الاحكام القضائية
Entry Topical Term
001 - CONTROL NUMBER
- control field: 46725
003 - CONTROL NUMBER IDENTIFIER
- control field: JO-AjAnu
005 - DATE AND TIME OF LATEST TRANSACTION
- control field: 20230606081723.0
008 - FIXED-LENGTH DATA ELEMENTS
- fixed length control field: 230606|| aca||aabn | a|a d
040 ## - CATALOGING SOURCE
- Original cataloging agency: JO-AjAnu
- Transcribing agency: JO-AjAnu
150 ## - HEADING--TOPICAL TERM
- Topical term or geographic name entry element: الاحكام القضائية
670 ## - SOURCE DATA FOUND
- Source citation: Work cat.: (JO-AjAnu)23916: إعداد عادل سالم محمد اللوزي؛ إشراف محمد يوسف الزعبي, author 46724, الحكم القضائي المنعدم " دراسة مقارنة "